Normal view MARC view
  • Basurto y Aguilar, José Ignacio,

Entry Nombre Personal

Number of records used in: 1

001 - NUMERO DE CONTROL

  • campo de control: 39298

003 - IDENTIFICADOR DE NUMERO DE CONTROL

  • campo de control: UPN

005 - FECHA Y HORA DE LA ÜLTIMA TRANSACCIÓN

  • campo de control: 20210219194544.0

008 - DATOS DE LONGITUD FIJA

  • campo de control de longitud fija: nabaccnnaabn|||||||||| b |nc|||||d

035 ## - NUMERO DE CONTROL

  • Número de control: UPN11000011405

040 ## - FUENTE DE CATALOGACIÓN

  • Lenguaje de catalogación: SPA
  • Agencia de transcripción: UPN

100 1# - ENCABEZAMIENTO - NOMBRE PERSONAL

  • Nombre personal: Basurto y Aguilar, José Ignacio,
  • Fechas asociadas con el nombre: 1755–1810

670 ## - FUENTE EN LA QUE SE LOCALIZARON DATOS

  • Cita de la fuente: T
  • Uniform Resource Identifier: https://nemovalse.wordpress.com/2011/08/16/valse-la-abeja-cuando-la-abeja-recogia-la-miel-de-la-fragante-rosa-letra-proveniente-de-textos-basales-de-1802-fines-del-virreynato/

680 ## - NOTA PUBLICA DE ACCESO PÚBLICO

  • Frase explicativa de la referencia: Párroco de Salvatierra, Guanajuato, México. Mtro. y literato especialista en moral, latín y teología. Se desempeñó como Vicario cooperador de varias parroquias del entonces Obispado de Michoacán.

902 ## - CATALOGADOR

  • Catalogador: EMR/211016